Catálogo
 En Linea

El regreso y otros relatos / (Registro nro. 40363)

Detalles MARC
000 -CABECERA
campo de control de longitud fija 00598nam a2200145 a 4500
001 - NÚMERO DE CONTROL
campo de control 000040873
005 - FECHA Y HORA DE LA ÚLTIMA TRANSACCIÓN
campo de control 20201002034436.0
008 - DATOS DE LONGITUD FIJA--INFORMACIÓN GENERAL
campo de control de longitud fija 130910s1998 pr 000 0 spa d
040 ## - FUENTE DE LA CATALOGACIÓN
Centro catalogador/agencia de origen DO-SdBNP
Lengua de catalogación spa
Centro/agencia transcriptor BNPHU
100 1# - ENTRADA PRINCIPAL--NOMBRE DE PERSONA
Nombre de persona Colón Peña, Eduardo.
9 (RLIN) 67300
245 13 - MENCIÓN DE TÍTULO
Título El regreso y otros relatos /
Mención de responsabilidad, etc. Eduardo Colón Peña.
260 ## - PUBLICACIÓN, DISTRIBUCIÓN, ETC.
Lugar de publicación, distribución, etc. Puerto Rico :
Nombre del editor, distribuidor, etc. Centro Gráfico Grafito,
Fecha de publicación, distribución, etc. 1998.
300 ## - DESCRIPCIÓN FÍSICA
Extensión 110 p. ;
Dimensiones 21 cm.
505 0# - NOTA DE CONTENIDO CON FORMATO
Título El regreso --
-- Los árboles de las garzas --
-- La revelación --
-- El amuleto --
-- El "don" de Francisco Segundo --
-- La mujer del segundo piso --
-- Cuando se pierden los sueños--
Existencias
Estado de retiro Estado de pérdida Restricciones de uso No para préstamo Código de colección Localización permanente Ubicación/localización actual Ubicación en estantería Fecha de adquisición Número de inventario Total de préstamos Signatura topográfica completa Código de barras Fecha visto por última vez Precio válido a partir de Tipo de ítem Koha
      Excluido de préstamo Monografías: Libros y Folletos General General En catalogación 10.09.2013 LF1   40873-10 25.06.2020 25.06.2020 No se presta

Con tecnología Koha